Normale Ansicht MARC-Ansicht ISBD

War and imperialism in Republican Rome, 327-70 B.C. (Titelsatznr. 64817)

[ MARC ]
MARC-Details
000 -Satzkennung
Kontrollfeld mit fester Länge 01401nad a2200385 a 4500
001 - Kontrollnummer
Kontrollfeld MIU01000000000000003865612
003 - Kontrollnummer Identifier
Kontrollfeld MiU
005 - Datum und Zeit der letzten Transaktion
Kontrollfeld 20231010141024.0
007 - Feld mit fester Länge zur physischen Beschreibung - Allgemeine Information
Kontrollfeld mit fester Länge cr mnummmmuuuu
008 - Feld mit fester Länge zur physischen Beschreibung - Allgemeine Angaben
Kontrollfeld mit fester Länge 031027s1985 enk sb 001 0 eng d
020 ## - Internationale Standardbuchnummer
Gelöschte/ungültige ISBN 0198148666
024 7# - Anderer Standardidentifier
Standardnummer oder Code 2027/heb01429
Quelle der Nummer oder des Codes hdl
040 ## - Katalogisierungsquelle
Original-Katalogisierungsstelle MiU
Übertragungsstelle MiU
090 ## - LOCALLY ASSIGNED LC-TYPE CALL NUMBER (OCLC); LOCAL CALL NUMBER (RLIN)
Notation (OCLC) (R) ; Notation, CALL (RLIN) (NR) DG231.3
Local cutter number (OCLC) ; Book number/undivided call number, CALL (RLIN) (INTERNET)
041 ## - Sprachcode
Sprachcode des Textes/der Tonspur oder des separaten Titels eng
100 1# - Haupteintragung - Personenname
Personenname Harris, William V.
Vollständige Form eines Namens (William Vernon)
Koha-Normdatenidentnummer 34743
245 10 - Titel
Titel War and imperialism in Republican Rome, 327-70 B.C.
Medium [electronic resource] /
Verfasserangabe etc. by William V. Harris.
264 ## - Produktion, Veröffentlichung, Distribution, Herstellung und Urheberrechtsvermerk
Herstellungs-, Veröffentlichungs- Vertriebs-, Erzeugungsort Oxford :
Produzent, Herausgeber, Distributor, Hersteller Clarendon Press ;
Datum der Herstellung, der Veröffentlichung, des Vertriebs oder des Urheberschutzvermerks 1985.
300 ## - Physische Beschreibung
Umfang x, 293 p. ;
Maße 22 cm.
336 ## - Inhaltstyp
Quelle rdacontent
Inhaltstypcode txt
Inhaltstypterm Text
337 ## - Medientyp
Quelle rdamedia
Medientypcode bc
Bezeichnung des Medientyps Computermedien
338 ## - Datenträgertyp
Quelle rdacarrier
Datenträgertypcode cr
Datenträgertypbezeichnung Online Ressource
500 ## - Allgemeine Fußnote
Allgemeine Fußnote "With a new preface and additional bibliography"--Cover.
504 ## - Fußnote zu Literaturverzeichnissen usw.
Fußnote zu Bibliographien usw. Includes bibliography (p. [274]-282) and index.
500 ## - Allgemeine Fußnote
Allgemeine Fußnote E-Book-ACLS / Zugriff nur im DHI-Lesesaal
500 ## - Allgemeine Fußnote
Allgemeine Fußnote American Council of Learned Societies/ https://www.humanitiesebook.org/about/
651 #0 - Nebeneintragung unter einem Schlagwort - Geografischer Name
Geografischer Name Rome
Allgemeine Unterteilung History
Chronologische Unterteilung Republic, 510-30 B.C.
Koha-Normdatenidentnummer 34744
651 #0 - Nebeneintragung unter einem Schlagwort - Geografischer Name
Geografischer Name Rome
Allgemeine Unterteilung Foreign relations
Chronologische Unterteilung 510-30 B.C.
Koha-Normdatenidentnummer 34745
653 ## - Indexierungsterm - Nicht normiert
Nicht-normierter Term War.
653 ## - Indexierungsterm - Nicht normiert
Nicht-normierter Term Imperialism.
830 #0 - Nebeneintragung unter dem Gesamttitel - Einheitstitel
Einheitstitel ACLS Fellows’ publications.
Koha-Normdatenidentnummer 34746
830 #0 - Nebeneintragung unter dem Gesamttitel - Einheitstitel
Einheitstitel ACLS Humanities E-Book.
Koha-Normdatenidentnummer 34747
856 40 - Elektronische Adresse und Zugriff
OPAC-Notiz Volltext
URL <a href="https://hdl.handle.net/2027/heb01429">https://hdl.handle.net/2027/heb01429</a>
942 ## - Zusätzliche Felder (Koha)
Koha-Medientyp E-Books
Exemplare
Ausgeschieden Verloren Beschädigt Nicht entleihbar Heimatbibliothek Aufenthaltsbibliothek Aufstellungsort Erwerbungsdatum Inventarnummer Signatur Barcode Letzte Aktivität Preis gültig von Koha-Medientyp
        MWN Osteuropa MWN Osteuropa Online-Ressource 10/10/2023 23-e0ACLS E-23-e0ACLS 67652 10/10/2023 10/10/2023 E-Books